000 01066nam a2200277 a 4500
001 24750
003 BD-RjUL
005 20211209001108.0
008 140315r19521933enkafcb b 001 0 eng d
035 _a(BD-RjUL)24819
040 _aWOO
_dm.c
_dOCL
_dBD-RjUL
_beng
_cBD-RjUL
041 _aeng
082 0 4 _a942.07
_bJOH 1952
245 0 0 _aJohnson's England :
_ban account of the life & manners of his age /
_cedited by A. S. Turberville.
_nVolume-1
260 _aOxford :
_bClarendon Press,
_c1933 [reprinted 1952].
300 _aV-1 (xiii, 405 p.) :
_bill., ports., maps, facsims. ;
_c24 cm.
504 _aIncludes bibliographical references and index.
600 1 0 _aJohnson, Samuel,
_d1709-1784
_xContemporary England.
_976177
651 0 _aGreat Britain
_xSocial life and customs
_y18th century.
_965265
651 0 _aGreat Britain
_xHistory
_y18th century.
_976178
651 0 _aGreat Britain
_xIntellectual life
_y18th century.
_955007
700 1 _aTurberville, Arthur Stanley,
_d1888-1945.
_976179
942 _2ddc
_cBK
999 _c24750
_d24750